00276nam a2200097Ia 4500008004100000100002000041245004600061245002100107260000900128856004100137160531s9999 xx 000 0 und d aBergstrom, Las. aMulti-messenger Astronomy and Dark Matter cby Las Bergstrom c2012 uhttp://arxiv.org/pdf/1202.1170v2.pdf